KONFERENCIE MLADÝCH ODBORNÍKOV

Bibliographic Details
Main Author: Majerčáková, Oľga (Author)
Format: Article
Language:Slovak

MARC

LEADER 00000nab a2200000uu 4500
001 vtls010893974
003 SK-MaSNL
005 20260303110308.0
008 230121|2009 xo |||||||||||||||||slo|
015 |a SNBRB 
035 |a (urnnbn)urn:nbn:sk:snk:ar-006e3l 
035 |a (uuid)77e6f878-eb1d-426f-bc2a-9e4ce028e9db 
035 |a urn:nbn:sk:snk-ab8n5i 
040 |a SNKBUCL  |b slo  |c SNKBUCL  |e AACR2 
041 0 |a slo 
044 |a xo  |c SK 
100 1 |a Majerčáková, Oľga  |4 aut  |9 8190 
245 1 0 |a KONFERENCIE MLADÝCH ODBORNÍKOV  |c Oľga Majerčáková 
773 0 |t Meteorologický časopis  |g Roč. 12, č. 4 (2009), s. 180 
954 |a odborná, vedecká literatúra pôvodná (slovenská)  |2 lita 
958 |a OND 
958 |a EUIPO 
958 |a article10 
999 |c 1869331  |d 1871261